| 000 | 00745nam a2200253 i 4500 | ||
|---|---|---|---|
| 003 | DO-SdBNP | ||
| 005 | 20250728141000.0 | ||
| 007 | ta | ||
| 008 | 250728s1997 cr r 000 0 spa d | ||
| 020 | _a8489538123 | ||
| 040 |
_aDO-SdBNP _bspa _cBNPHU _erda |
||
| 082 |
_axxxx _bxxx _222 |
||
| 245 | 0 | 4 |
_aLos tres brazos : _bdiagnóstico socioeconómico y ambiental / |
| 260 | 1 |
_aSanto Domingo : _bEnda-Caribe : _c1997. |
|
| 300 |
_a26 páginas : _c21 cm. |
||
| 336 |
_atexto _btxt _2rdacontent |
||
| 337 |
_asin mediación _bn _2rdamedia |
||
| 338 |
_avolumen _bnc _2rdacarrier |
||
| 500 | _aPrograma de desarrollo urbano integral. | ||
| 500 | _aPrograma urbano. | ||
| 590 | _aInventariado, 2025/ YL | ||
| 910 | _aYLockward | ||
| 942 |
_2ddc _cLF2 |
||
| 999 |
_c59655 _d59655 |
||